| 000 | 00704nam a2200217 a 4500 | ||
|---|---|---|---|
| 001 | 000021659 | ||
| 005 | 20200930011412.0 | ||
| 008 | 100909s1971 sp r 000 | spa d | ||
| 040 |
_aDO-SdBNP _bspa _cBNPHU |
||
| 082 |
_a324.3 _bL495f |
||
| 100 | 1 |
_aLefranc, Georges _945062 |
|
| 240 | 1 | 0 |
_aLe front populaire _lespañol |
| 245 | 1 | 3 |
_aEl frente popular : _b1934-1938 / _cFelipe Alfau; traducción de Javier Fernández de Castro. |
| 260 |
_aBarcelona : _bOikos-tau, _c1971. |
||
| 300 |
_a125 p. ; _c17 cm. |
||
| 490 |
_a¿Qué sé? _v36 |
||
| 534 |
_aTítulo original : _tLe front populaire |
||
| 650 | 4 |
_aFrentes populares _945063 |
|
| 700 | 1 |
_aFernández de Castro, Javier _etr. _945045 |
|
| 049 | _aBNGR | ||
| 999 |
_c21158 _d21158 |
||